000 00780nam a2200205 i 4500
001 87483
003 ES-MaACL
005 20230906175659.0
007 t|
008 041222s1954 sp ||||1| spa d
100 1 _aKretschmer, Wolfgang.
_968820
245 1 3 _aLa neurosis como problema de maduración
_b: (fundamentos constitucionales del desarrollo de la neurosis) /
_cWolfgang Kretschmer ; [versión directa del alemán por F. Javier Morales Belda].
260 _aMadrid :
_bAlhambra,
_c1954 (
_fSuc. de Rivadeneyra)
300 _a101 p. ;
_c23 cm.
490 1 _aMonografías médicas Alhambra
700 1 _aMorales Belda, Francisco Javier.
_983018
830 0 _aMonografías médicas Alhambra
_9182831
852 _aES-MaACL
_j1958-F-5
_bR.35869
999 _c87483
_d87483